[Event "IX EICC w"]
[Site "Plovdiv BUL"]
[Date "2008.04.26"]
[Round "6"]
[White "Tsarouha,Ma"]
[Black "Grapsa,G"]
[Result "1/2-1/2"]
[WhiteElo "1748"]
[BlackElo "2098"]

1.d4 Nf6 2.c4 e6 3.Nc3 Bb4 4.Nf3 b6 5.Bg5 h6 6.Bh4 Bb7 7.e3 O-O 8.Bd3 Qe7
9.O-O Bxc3 10.bxc3 c5 11.Re1 d6 12.e4 e5 13.d5 Nbd7 14.h3 Rfe8 15.Nh2 Nf8
16.Ng4 N8h7 17.Qe2 Bc8 18.Rf1 Bxg4 19.hxg4 Qd7 20.f3 g5 21.Be1 Nf8 22.Bd2 Ng6
23.g3 Kg7 24.Bc2 Rh8 25.Kg2 Ne8 26.Rh1 Nc7 27.a4 Rab8 28.Qf2 a6 29.Rh5 b5
30.cxb5 axb5 31.axb5 Qxb5 32.Bd1 Qb2 33.Rc1 Nb5 34.Rc2 Qa1 35.Rc1 Qa2 36.Rc2 Qc4
37.Qe2 Qb3 38.Rc1 Qa3 39.Qf2 Nc7 40.f4 f6 41.f5 Ne7 42.Rh1 Rb2 43.Rc2 Rxc2
44.Bxc2 Qb2 45.Bd3 Qa2 46.Be3 Qa3  1/2-1/2

[Event "XVI Sigeman & Co"]
[Site "Malmo SWE"]
[Date "2008.04.28"]
[Round "7"]
[White "Agrest,E"]
[Black "Hansen,LB"]
[Result "1/2-1/2"]
[WhiteElo "2567"]
[BlackElo "2563"]

1.d4 Nf6 2.c4 e6 3.Nc3 Bb4 4.Nf3 c5 5.g3 Nc6 6.Bg2 Ne4 7.Bd2 Bxc3 8.Bxc3 Nxc3
9.bxc3 O-O 10.O-O d6 11.Qd3 cxd4 12.cxd4 e5 13.Rfd1  1/2-1/2

[Event "IX EICC"]
[Site "Plovdiv BUL"]
[Date "2008.04.29"]
[Round "8"]
[White "Romanov,E"]
[Black "Macieja,B"]
[Result "0-1"]
[WhiteElo "2547"]
[BlackElo "2599"]

1.d4 Nf6 2.c4 e6 3.Nc3 Bb4 4.Nf3 c5 5.g3 cxd4 6.Nxd4 Ne4 7.Qd3 Bxc3+ 8.bxc3 Nc5
9.Qf3 d6 10.Bg2 e5 11.Qe3 Be6 12.Nxe6 fxe6 13.Ba3 Nba6 14.Rd1 O-O 15.O-O Qc7
16.Rd2 Rad8 17.Rfd1 Rf6 18.Kh1 h6 19.f4 exf4 20.gxf4 Qa5 21.Bc1 Qa4 22.Qd4 Nb8
23.Rg1 Qd7 24.Rdd1 Kh8 25.e4 Nc6 26.Qf2 e5 27.f5 Qf7 28.Qe2 Na4 29.Qd3 Nc5
30.Qf1 Rf8 31.Bf3 Na4 32.Qd3 Na5 33.Be2 Nc5 34.Qf3 Nxc4 35.Rg2 Nb6 36.c4 Qc7
37.Qg4 R8f7 38.Rdg1 Qc6 39.Bf3 Nd3 40.Qh4 Nd7 41.Bg5 Kh7 42.Bxf6 Nxf6 43.Rg6 Qc5
44.Qg3 Nf2+ 45.Kg2 N2xe4 46.Bxe4 Nxe4 47.Qg4 Qxc4 48.Rxh6+ gxh6 49.Qg6+ Kh8
50.Qxh6+ Rh7 51.Qf8+ Qg8+ 52.Qxg8+ Kxg8 53.Kf3+ Kf7 54.Kxe4 Rh4+ 55.Ke3 Rxh2
56.Rd1 Ke7 57.f6+ Ke6 58.f7 Rh3+ 59.Ke2 Rh8 60.Rh1 Rf8  0-1

[Event "IX EICC"]
[Site "Plovdiv BUL"]
[Date "2008.04.29"]
[Round "8"]
[White "Jianu,V"]
[Black "Fedorchuk,S"]
[Result "0-1"]
[WhiteElo "2531"]
[BlackElo "2671"]

1.d4 Nf6 2.c4 e6 3.Nc3 Bb4 4.Nf3 c5 5.g3 cxd4 6.Nxd4 Ne4 7.Qd3 Nxc3 8.bxc3 Be7
9.Bg2 O-O 10.O-O Nc6 11.Rd1 Qa5 12.Nb3 Qc7 13.c5 b6 14.Bf4 e5 15.Be3 Rb8
16.Be4 h6 17.Bd5 Kh8 18.Qf5 bxc5 19.Qh5 d6 20.Bxf7 Bg4 21.Qxg4 Rxf7 22.Nd2 Bf8
23.Ne4 Rd8 24.Rd2 d5 25.Nxc5 Bxc5 26.Bxc5 Na5 27.Be3 Nc4 28.Rd3 Nb2 29.Rd2 Nc4
30.Rd3 e4 31.Rd4 Nxe3 32.fxe3 Qxc3 33.Rad1 Qxe3+ 34.Kg2 Rf2+ 35.Kh3 Rxe2
36.Rxd5 Rxd5 37.Rxd5 Qf2 38.Qg6 Qf1+ 39.Kg4 Qf3+ 40.Kh3 Qf6 41.Qxf6 gxf6
42.Kg4 e3 43.Ra5 Rf2 44.Rxa7 e2 45.Re7 Kg8 46.a4 Kf8 47.Re3 Kf7 48.a5 f5+
49.Kh3 f4 50.gxf4 Rf3+ 51.Rxf3 e1=Q 52.Kg2 Qxa5 53.f5 Kf6 54.Rf2 Qd5+ 55.Rf3 h5
56.Kf2 Qd2+ 57.Kg1 Qg5+ 58.Kf1 Qg8 59.Kf2 Qg4 60.Ke3 Qg1+  0-1

[Event "IX EICC"]
[Site "Plovdiv BUL"]
[Date "2008.04.29"]
[Round "8"]
[White "Stocek,J"]
[Black "Brkic,A"]
[Result "1/2-1/2"]
[WhiteElo "2584"]
[BlackElo "2521"]

1.d4 Nf6 2.c4 e6 3.Nc3 Bb4 4.Nf3 d5 5.e3 O-O 6.Bd3 c5 7.O-O Nc6 8.a3 Bxc3
9.bxc3 Qc7 10.h3 Na5 11.cxd5 exd5 12.a4 Re8 13.Nd2 b6 14.Ba3 c4 15.Bc2 Bb7
16.Qe2 Ne4 17.Nxe4 dxe4 18.Rab1 Bd5 19.Rb5 Rad8 20.Qh5 Qb7 21.f3 g6 22.Qh4 f5
23.Rxd5 Qxd5 24.fxe4 fxe4 25.Rf4 Nb3 26.Bxe4 Qe6 27.Qf2 Kg7 28.Kh1 Rd7 29.d5 Qe5
30.Bf3 Qxe3 31.Qxe3 Rxe3 32.Bf8+ Kg8 33.Bh6 Rf7 34.d6 Rxf3 35.gxf3 Nc5 36.Rxc4 Rxf3
37.Kg2 Rd3 38.Rf4 Nd7 39.Re4 Rxd6 40.Re7 a6 41.h4 a5 42.Rg7+ Kh8 43.Re7 Kg8
44.Rg7+ Kh8 45.Re7  1/2-1/2

[Event "IX EICC"]
[Site "Plovdiv BUL"]
[Date "2008.05.01"]
[Round "10"]
[White "Jianu,V"]
[Black "Macak,S"]
[Result "1/2-1/2"]
[WhiteElo "2531"]
[BlackElo "2342"]

1.d4 Nf6 2.c4 e6 3.Nc3 Bb4 4.Nf3 c5 5.g3 Nc6 6.Bg2 Ne4 7.Qd3 cxd4 8.Nxd4 Nxc3
9.bxc3 Ne5 10.Qc2 Be7 11.Qb3 Qc7 12.Bf4 O-O 13.O-O d6 14.Nb5 Qc5 15.Na3 Bd7
16.Rab1 Bc6 17.Qb4 Nd7 18.Bxc6 bxc6 19.Rfd1 Rfb8 20.Qxc5 Nxc5 21.Rbc1 e5
22.Be3 Na4 23.Rd2 Rb7 24.Kf1 Rab8 25.f4 f6 26.Nc2 Nxc3 27.Ne1 Ne4 28.Rdc2 Kf7
29.Kg2 c5 30.f5 g6 31.g4 gxf5 32.gxf5 Rg8+ 33.Kf3 Ng5+ 34.Bxg5 Rxg5 35.e4 h5
36.Nd3 Bf8 37.Rb2 Rxb2 38.Nxb2 Ke8 39.Nd3 Kd7 40.Rb1 Kc7 41.Nb2 Rg4 42.Na4 Rf4+
43.Ke3 Rh4 44.Nc3 Rh3+ 45.Kd2 Rxh2+ 46.Kd3 Kc6 47.Nd5 h4 48.Rb8 Bh6 49.Rh8 Bd2
50.Nxf6 Bg5 51.Nd5 Rd2+ 52.Kc3 Rf2 53.Rg8 Rf3+ 54.Kc2 Rg3 55.Rg7 Bd8 56.f6 Rf3
57.Rxa7 h3 58.Rh7 h2 59.Rxh2 Bxf6 60.Rh7 Bd8 61.Ra7 Rh3 62.a4 Rh2+ 63.Kd3 Rh3+
64.Ke2 Rh2+ 65.Kd3 Rh3+ 66.Kc2 Rh2+ 67.Kd3  1/2-1/2

[Event "ch-UZB"]
[Site "Tashkent UZB"]
[Date "2008.05.03"]
[Round "10"]
[White "Gubaydulin,T"]
[Black "Faizulaev,A"]
[Result "1/2-1/2"]
[WhiteElo "2213"]
[BlackElo "2267"]

1.d4 Nf6 2.c4 e6 3.Nc3 Bb4 4.Nf3 c5 5.g3 b6 6.Bg2 Bb7 7.O-O Bxc3 8.bxc3 O-O
9.dxc5 bxc5 10.Bf4 d5 11.Rb1 Qc8 12.cxd5 Nxd5 13.Bd2 Nc6 14.Ng5 Nf6 15.Qa4 Nd8
16.Ne4 Nxe4 17.Bxe4 Bxe4 18.Qxe4 Nc6 19.Rb5 Qa6 20.a4 Rac8 21.Be3 c4 22.Qxc4 Ne5
23.Qd4 Nc4 24.Qxa7 Qc6 25.Rc5 Qe4 26.Rxc8 Rxc8 27.Rc1 h5 28.Qd4 Qc6 29.Rd1 Qxa4
30.Bg5 f6 31.Bc1 e5 32.Qd7 Qxd7 33.Rxd7 Nb6 34.Rd3 Na4 35.Bd2 Nc5 36.Rd5 Ne4
37.f3  1/2-1/2

[Event "XXI Open"]
[Site "Benidorm ESP"]
[Date "2008.05.04"]
[Round "10"]
[White "Chatalbashev,B"]
[Black "Leon Hoyos,M"]
[Result "1/2-1/2"]
[WhiteElo "2605"]
[BlackElo "2490"]

1.d4 Nf6 2.c4 e6 3.Nc3 Bb4 4.Nf3 c5 5.g3 Nc6 6.Bg2 Ne4 7.Bd2 Bxc3 8.bxc3 O-O
9.O-O Na5 10.Bf4 d5 11.cxd5 Nxc3 12.Qd3 cxd4 13.dxe6 Bxe6 14.Ng5 g6 15.Nxe6 fxe6
16.e4 Qc8 17.Bd6 Rf7 18.Bb4 Qc7 19.Rac1 Qb6 20.Bxc3 dxc3 21.Qxc3 Raf8 22.Rb1 Qc7
23.Qe3 Nc4 24.Qxa7 Nd2 25.Rfc1 Qe7 26.Rb5 Rxf2 27.Qxf2 Rxf2 28.Kxf2 Qd7 29.Rbc5 Qd4+
30.Ke2 Nxe4 31.Bxe4 Qxe4+ 32.Kf2 Qd4+ 33.Ke2 Qe4+ 34.Kf2 Kg7 35.Rc7+ Kf6
36.R1c3 Qd4+ 37.Ke2 e5 38.Rb3 Qa4 39.Kf3 e4+ 40.Ke3 Ke5 41.Rcxb7 Qd4+ 42.Ke2 Qc4+
43.Kd2 Qd4+ 44.Ke2 Qc4+ 45.Kd2 Qd4+ 46.Ke2 Qc4+ 47.Kd2 Qf1 48.Re7+ Kd5 49.Rd7+ Ke6
50.Rxh7 Qf2+ 51.Kc3 Qe3+ 52.Kc4 Qe2+ 53.Kd4 Kf6 54.h4 Qd2+ 55.Kxe4 Qe2+ 56.Kd4 Qe5+
57.Kc4 Qe4+ 58.Kc5 Qe5+ 59.Kc4 Qe4+ 60.Kb5 Qd5+ 61.Kb6 Qd6+ 62.Ka7 Qc5+ 63.Rb6+ Kf5
64.a4 Qa5+ 65.Kb7 Qd5+ 66.Ka6 Qc4+ 67.Kb7 Qd5+ 68.Rc6 Qb3+ 69.Rb6 Ke5  1/2-1/2

[Event "Kaupthing Open"]
[Site "Differdange LUX"]
[Date "2008.05.11"]
[Round "3"]
[White "Socko,B"]
[Black "Dzagnidze,N"]
[Result "0-1"]
[WhiteElo "2644"]
[BlackElo "2443"]

1.d4 Nf6 2.c4 e6 3.Nc3 Bb4 4.Nf3 b6 5.Bg5 h6 6.Bh4 Bb7 7.e3 Bxc3+ 8.bxc3 d6
9.Bd3 Nbd7 10.Qc2 Qe7 11.O-O g5 12.Bg3 O-O-O 13.e4 Nh5 14.Nd2 Nf4 15.a4 a5
16.Rfb1 h5 17.f3 Rdg8 18.Bf1 h4 19.Bf2 g4 20.Be3 Qf6 21.Qd1 gxf3 22.Qxf3 Nxg2
23.Bxg2 h3 24.Rf1 Qxf3 25.Rxf3 Rxg2+ 26.Kh1 Rxd2 27.Bxd2 Bxe4 28.Rf1 Rg8
29.Bf4 Rg6 30.Rf2 e5 31.Bg3 Rf6  0-1

[Event "Mayors Cup Open"]
[Site "Mumbai IND"]
[Date "2008.05.12"]
[Round "3"]
[White "Purushothaman,T"]
[Black "Ubilava,E"]
[Result "1-0"]
[WhiteElo "2290"]
[BlackElo "2558"]

1.d4 Nf6 2.c4 e6 3.Nc3 Bb4 4.Nf3 b6 5.Bg5 Bb7 6.Nd2 h6 7.Bh4 Nc6 8.e3 Bxc3
9.bxc3 Qe7 10.Be2 g5 11.Bg3 d6 12.Qc2 O-O-O 13.Nb3  1-0

[Event "Kaupthing Open"]
[Site "Differdange LUX"]
[Date "2008.05.13"]
[Round "5"]
[White "Gupta,Ab"]
[Black "Drozdovskij,Y"]
[Result "1/2-1/2"]
[WhiteElo "2521"]
[BlackElo "2581"]

1.d4 Nf6 2.c4 e6 3.Nc3 Bb4 4.Nf3 d5 5.cxd5 exd5 6.Bg5 O-O 7.e3 c5 8.Bd3 c4
9.Bc2 Nbd7 10.O-O Bxc3 11.bxc3 Qa5 12.Ne5 Qxc3 13.Nxd7 Nxd7 14.Rc1 Qa5 15.a4 Re8
16.Rb1 a6 17.Qf3 Nf8 18.Bf4 Rd8 19.Qg3 Rd7 20.Be5 f6 21.Bd6 Qd8 22.Bc5 Rf7
23.Rb6 Qe8 24.Qh4 Ng6 25.Qh5 Be6 26.Rfb1 Rd8 27.h3 Bc8 28.a5 Nf8 29.Bxf8 g6
30.Bxg6 hxg6 31.Qxg6+ Kxf8 32.Rxf6 Rd7 33.Rbb6 Rxf6 34.Qxf6+ Rf7 35.Qh6+ Rg7
36.Qh8+ Rg8 37.Qh6+ Rg7 38.Qh8+ Rg8 39.Qf6+ Qf7 40.Qd8+ Kg7 41.Qh4 Be6 42.e4 c3
43.Qg3+ Kh7 44.Qh4+ Kg7 45.Qg3+ Kh7 46.Qxc3 dxe4 47.Qe3 Qf5 48.Rxb7+ Rg7
49.Rb6 Qxh3 50.Qxe4+ Bf5 51.Rb7 Bxe4 52.Rxg7+ Kxg7 53.gxh3 Kf6 54.Kf1 Ke6
55.Ke2 Kd5 56.Ke3 Bf5 57.h4 Bg6 58.h5 Bb1 59.h6 Bh7 60.f3 Kc4 61.Kf4 Kxd4
62.Kg5 Ke5 63.f4+ Ke6 64.Kg4 Kd5 65.Kg5 Ke6  1/2-1/2

[Event "Mayors Cup Open"]
[Site "Mumbai IND"]
[Date "2008.05.13"]
[Round "4"]
[White "Sahu,Se"]
[Black "Filippov,An UZB"]
[Result "1/2-1/2"]
[WhiteElo "2256"]
[BlackElo "2509"]

1.d4 Nf6 2.c4 e6 3.Nc3 Bb4 4.Nf3 c5 5.e3 d6 6.Bd2 Nc6 7.a3 Bxc3 8.Bxc3 Ne4
9.Qc2 Nxc3 10.Qxc3 O-O 11.Bd3 f5 12.Bc2 Qe7 13.Ba4 Bd7 14.dxc5 dxc5 15.Rd1 Rfd8
16.O-O Be8 17.Bxc6 Bxc6 18.Ne5 Be8 19.b4 Ba4 20.Rd3 Qf6 21.Rxd8+ Rxd8 22.bxc5 h6
23.h3 Bd1 24.f4 Kh7 25.Qb4 Bc2 26.Qxb7 Be4 27.Qf7 Rd2 28.Rf2 Rxf2 29.Kxf2 Qh4+
30.g3 Qxh3 31.Qg6+ Kh8 32.Qe8+ Kh7 33.Qg6+  1/2-1/2

[Event "43rd Capablanca Memorial Open"]
[Site "Havana CUB"]
[Date "2008.05.14"]
[Round "7"]
[White "Otero,D"]
[Black "Hevia,A"]
[Result "1/2-1/2"]
[WhiteElo "2442"]
[BlackElo "2308"]

1.d4 Nf6 2.c4 e6 3.Nc3 Bb4 4.Nf3 c5 5.Bg5 h6 6.Bh4 b6 7.d5 exd5 8.cxd5 O-O
9.Nd2 Re8 10.Qc2 d6 11.O-O-O Bxc3 12.bxc3 b5 13.e4 Nbd7 14.Bxb5 Rb8 15.Be2 Nb6
16.Bb5 Nbd7 17.Be2 Nb6 18.Bb5  1/2-1/2

[Event "Kaupthing Open"]
[Site "Differdange LUX"]
[Date "2008.05.15"]
[Round "7"]
[White "Feller,S"]
[Black "Sachdev,T"]
[Result "1/2-1/2"]
[WhiteElo "2540"]
[BlackElo "2423"]

1.d4 Nf6 2.c4 e6 3.Nc3 Bb4 4.Nf3 c5 5.g3 cxd4 6.Nxd4 O-O 7.Bg2 d5 8.cxd5 Nxd5
9.Qb3 Qa5 10.Bd2 Nc6 11.Nxc6 bxc6 12.O-O Bxc3 13.bxc3 Ba6 14.Rfd1 Qc5 15.e4 Bc4
16.Qa4 Nb6 17.Qb4 Qh5 18.Bf4 Be2 19.Re1 c5 20.Qa5 Rfc8 21.h3 Bc4 22.Rad1 f6
23.Bd6 Qf7 24.e5 Bd5 25.Bxd5 exd5 26.exf6 Qxf6 27.Bf4 Qc6 28.Qa6 Qd7 29.h4 Re8
30.Qd3 Re6 31.Rxe6 Qxe6 32.Be3 Rc8 33.f3 h6 34.Bf2 Qf7 35.Rd2 d4 36.cxd4 c4
37.Qe4 c3 38.Rc2 Nd5 39.a3 Rb8 40.Qe2 Rb3 41.Ra2 Qf5 42.Kg2 Kh7 43.Kh2 a5
44.g4 Qb1 45.Rc2 Rb2 46.Qe4+ Kh8 47.Qe8+  1/2-1/2

[Event "Mayors Cup Open"]
[Site "Mumbai IND"]
[Date "2008.05.15"]
[Round "7"]
[White "Purushothaman,T"]
[Black "Tejas,R"]
[Result "1-0"]
[WhiteElo "2290"]
[BlackElo "2044"]

1.d4 Nf6 2.c4 e6 3.Nc3 Bb4 4.Nf3 Ne4 5.Qc2 f5 6.Nd2 Nxd2 7.Bxd2 O-O 8.O-O-O c5
9.d5 e5 10.h4 d6 11.h5 a6 12.h6 g6 13.f4 exf4 14.Bxf4 Qf6 15.Bd2 Nd7 16.a3 Ba5
17.Kb1 Ne5 18.e3 Bd7 19.Be2 Bxc3 20.Bxc3 b5 21.Rdf1 Qe7 22.Ka1 Rae8  1-0

[Event "Mayors Cup Open"]
[Site "Mumbai IND"]
[Date "2008.05.16"]
[Round "8"]
[White "Ubilava,E"]
[Black "Mishra,S"]
[Result "1/2-1/2"]
[WhiteElo "2558"]
[BlackElo "2278"]

1.d4 Nf6 2.c4 e6 3.Nc3 Bb4 4.Nf3 O-O 5.Bg5 h6 6.Bh4 c5 7.e3 Qa5 8.Bxf6 Bxc3+
9.bxc3 Qxc3+ 10.Nd2 gxf6 11.Rc1 Qa5 12.h4 cxd4 13.exd4 Nc6 14.Rh3 Kh7 15.d5 Ne5
16.f4 Ng6 17.h5 Nxf4 18.Rh4 Qc5 19.Rc3 Qd4 20.Qc2+ Kh8 21.Nf3 Nxg2+ 22.Bxg2 Qb6
23.c5 Qa5 24.Ra4 Qd8 25.Qd2 Kh7 26.d6 Rg8 27.Kf1 b5 28.cxb6 Qxb6 29.Qd3+ Kh8
30.Rb3 Qc6 31.Rc4 Ba6 32.Rxc6 Bxd3+ 33.Rxd3 dxc6 34.Nd4 Rab8 35.Bxc6 Rgd8
36.d7 Rb6 37.a4 e5 38.a5 Rb1+ 39.Kf2 exd4 40.Rxd4 Rc1 41.Re4 Rxc6 42.Re8+ Kg7
43.Rxd8 Rd6 44.Ke3 f5 45.Kf4 Kf6 46.Rh8 Rd4+ 47.Kf3 Rxd7 48.Rxh6+ Kg5 49.Ra6 f4
50.h6 f5 51.Rc6 Rd3+ 52.Kf2 Rh3 53.Ra6 Rxh6 54.Rxa7 Rh2+ 55.Kf3 Rh3+ 56.Kg2 Ra3
57.Rg7+ Kf6 58.Ra7 Ke5 59.Re7+ Kd4 60.Rd7+ Ke4 61.Re7+ Kd5 62.Rd7+ Ke5 63.Ra7 f3+
64.Kg3 f2+ 65.Kxf2 Kf4 66.Ke2 Ra2+ 67.Kd3 Kf3 68.a6 f4 69.Kc4 Kf2 70.Kb5  1/2-1/2

[Event "Mayors Cup Open"]
[Site "Mumbai IND"]
[Date "2008.05.17"]
[Round "9"]
[White "Venkata Ramana,J"]
[Black "Akshay,H"]
[Result "1-0"]
[WhiteElo "2168"]
[BlackElo "1974"]

1.d4 Nf6 2.c4 e6 3.Nc3 Bb4 4.Nf3 c5 5.Qc2 O-O 6.dxc5 Bxc5 7.a3 a5 8.Bg5 Nc6
9.e3 b6 10.Bd3 h6 11.Bh4 Be7 12.h3 d5 13.cxd5 exd5 14.Rd1 Be6 15.e4 Rc8 16.Ba6 Re8
17.O-O Rc7 18.Nb5 Nxe4 19.Nxc7 Qxc7 20.Bb5 Bc5 21.Bxc6 Qxc6 22.b4 axb4 23.axb4 g5
24.bxc5 gxh4 25.Nd4 Qxc5 26.Qb2 Nd6 27.Rfe1 Nc4 28.Qc1 Qf8 29.Qf4 Kh7 30.Nf5 b5
31.Rxd5 Bxf5 32.Qxf5+ Kg7 33.Rxe8 Qxe8 34.Rd4 Qe1+ 35.Kh2 Qe5+ 36.Qxe5+ Nxe5
37.Rxh4 Nd3 38.Rd4 Nc5 39.f3 Na4 40.Rb4 Nc3 41.Rb3 b4 42.Rxb4 Nd5 43.Rb5 Nf4
44.Kg3 Ne6 45.Kg4 Kg6 46.f4 Ng7 47.f5+ Kh7 48.Rb6 Ne8 49.Kf4 Kg7 50.Ke5 h5
51.g3 Nc7 52.g4 hxg4 53.hxg4 Ne8 54.Rc6 Kf8 55.f6 Kg8 56.Rc8  1-0

[Event "17th Open"]
[Site "Chicago USA"]
[Date "2008.05.25"]
[Round "5"]
[White "Davis,Lo"]
[Black "Donahue,J"]
[Result "1/2-1/2"]
[WhiteElo "2198"]
[BlackElo "2146"]

1.d4 Nf6 2.c4 e6 3.Nc3 Bb4 4.Nf3 b6 5.g3 Bb7 6.Bg2 O-O 7.O-O Bxc3 8.bxc3 d6
9.c5 dxc5 10.dxc5 bxc5 11.Ba3 Nbd7 12.Qa4 Qc8 13.Rfd1 Rd8 14.Rab1 Bd5 15.Nd2 Nb6
16.Qb5 Bxa2 17.Ra1 Bd5 18.e4 Bb7 19.Bxc5 Qd7 20.Qxd7 Nfxd7 21.Be3 h6 22.Ra5 Nf6
23.Rda1 Ng4 24.Nf1 Nxe3 25.Nxe3 Nc8 26.Rc5 Nd6 27.e5 Bxg2 28.Kxg2 Ne8 29.Rca5 Kf8
30.Rxa7 Rab8 31.c4 Rb2 32.R7a2 Rb3 33.Ra3 Rb2 34.R3a2 Rb3 35.Rd1 Rxd1 36.Nxd1 Ke7
37.Rd2 Rb4 38.Ne3 Ra4 39.Kf3 Ra5 40.Ke4 Ra8 41.h4 Ra5 42.g4 Ra8  1/2-1/2

[Event "TCh-FRA Top 16 Poule Haute"]
[Site "Evry FRA"]
[Date "2008.05.29"]
[Round "8"]
[White "Sasikiran,K"]
[Black "Riff,JN"]
[Result "1/2-1/2"]
[WhiteElo "2679"]
[BlackElo "2487"]

1.d4 Nf6 2.c4 e6 3.Nc3 Bb4 4.Nf3 Nc6 5.Qc2 d6 6.Bg5 h6 7.Bd2 O-O 8.a3 Bxc3
9.Bxc3 Qe7 10.e3 e5 11.d5 Nb8 12.g3 a5 13.Bg2 Re8 14.O-O a4 15.Nd2 Na6 16.e4 Nc5
17.Rae1 Nh5  1/2-1/2

[Event "TCh-ISR"]
[Site "Israel ISR"]
[Date "2008.05.30"]
[Round "11"]
[White "Greenfeld,A"]
[Black "Ruderfer,M"]
[Result "1-0"]
[WhiteElo "2575"]
[BlackElo "2324"]

1.d4 Nf6 2.Nf3 e6 3.c4 Bb4+ 4.Nc3 b6 5.Bg5 h6 6.Bh4 Bb7 7.Nd2 c5 8.d5 Bxc3
9.bxc3 exd5 10.cxd5 g5 11.Bg3 Bxd5 12.h4 gxh4 13.Bxh4 Qe7 14.Rh3 d6 15.Re3 Be6
16.Ne4 Nbd7 17.Nxf6+  1-0

[Event "XXVII Open"]
[Site "Zalakarosi HUN"]
[Date "2008.05.30"]
[Round "9"]
[White "Chatalbashev,B"]
[Black "Bokros,A"]
[Result "1/2-1/2"]
[WhiteElo "2605"]
[BlackElo "2452"]

1.d4 Nf6 2.c4 e6 3.Nc3 Bb4 4.Nf3 b6 5.Bg5 Bb7 6.Nd2 h6 7.Bh4 Be7 8.e4 Nxe4
9.Bxe7 Nxc3 10.Bxd8 Nxd1 11.Bxc7 Nxb2 12.a4 d5 13.cxd5 exd5 14.Rb1 Nc4 15.Nxc4 dxc4
16.Bxc4 O-O 17.d5 Na6 18.Bxa6 Bxa6 19.d6 Bc8 20.Kd2 Bd7 21.Ra1 Rfe8 22.a5 bxa5
23.Rxa5 f6 24.Rha1 Kf7 25.Rxa7 Rxa7 26.Rxa7 Re5 27.Ra1 Rd5+ 28.Kc3 Re5 29.Ra2 Re1
30.Rb2 Re5 31.Kd4 Re1 32.Kc5 Ke6 33.Kb6 Re4 34.f3 Re3 35.Kb7 Re5 36.Kb6 Re3
37.f4 Re4 38.g3 h5 39.Kc5 Kf7 40.Ba5 Re8 41.Rb7 Rc8+ 42.Kd5 Ke8 43.Ra7 Rc2
44.h4 Ra2 45.Kc5 Rc2+ 46.Kb4 Rb2+ 47.Kc4 Ra2 48.Kb4 Rb2+ 49.Kc4 Ra2 50.Kb4 Rb2+
51.Kc4 Ra2 52.Ra8+ Kf7 53.Rd8 Rxa5 54.Rxd7+ Ke6 55.Rxg7 Kxd6 56.Kd4 Ke6 57.Rh7 Ra3
58.Rxh5 Rxg3 59.Ke4 Rh3 60.Rh7 f5+ 61.Kd4 Kf6 62.h5 Rh4 63.Ke3 Rh3+ 64.Kf2 Rh4
65.Kg3 Rg4+ 66.Kf3 Rh4 67.Rh6+ Kg7 68.Rg6+ Kf7 69.Rh6 Kg7 70.Rg6+ Kf7 71.Rg5 Kf6
72.Ke3 Rh3+ 73.Kd4 Rh4 74.Ke3 Rh3+ 75.Kd4 Rh4 76.Rg6+ Kf7 77.Ke5 Rxh5 78.Rf6+ Ke7
79.Re6+ Kf7 80.Rf6+ Ke7 81.Ra6 Kf7 82.Rb6 Ke7 83.Rb7+ Kf8 84.Rb6 Ke7 85.Rb7+ Kf8
86.Ke6 Rh6+ 87.Kxf5 Ra6 88.Kg5 Rc6 89.Rh7 Kg8 90.Re7 Kf8 91.Rh7 Kg8 92.Rh6 Rxh6
93.Kxh6 Kf7 94.Kg5 Kg7 95.Kf5 Kf7 96.Kg5 Kg7 97.f5 Kf7 98.f6 Kf8  1/2-1/2

[Event "ch-CHN"]
[Site "Beijing CHN"]
[Date "2008.06.05"]
[Round "8"]
[White "Li Shilong"]
[Black "Wen Yang"]
[Result "0-1"]
[WhiteElo "2512"]
[BlackElo "2497"]

1.d4 Nf6 2.c4 e6 3.Nc3 Bb4 4.Nf3 d5 5.Bg5 h6 6.Bh4 g5 7.Bg3 Ne4 8.Rc1 Nc6
9.e3 h5 10.h4 g4 11.Nd2 Nxg3 12.fxg3 Bd6 13.Ne2 dxc4 14.Nxc4 Bd7 15.Nf4 Qe7
16.Be2 e5 17.dxe5 Bxe5 18.Nxe5 Qxe5 19.Rc3 O-O-O 20.O-O Ne7 21.Qb3 Nf5 22.Rfc1 Rhe8
23.Nd5 Bc6 24.Rxc6 bxc6 25.Ba6+ Kd7 26.Qa4 Re6 27.Bb7 Ke8 28.Bxc6+ Kf8 29.Qa3+ Kg7
30.Nf4 Qxe3+ 31.Qxe3 Rxe3 32.Nxh5+ Kg6 33.Nf4+ Kg7 34.Bd5 Re5 35.Bb7 c5 36.Nh5+ Kg6
37.Nf4+ Kg7 38.Nh5+ Kf8  0-1

[Event "58th ch-RUS w HL"]
[Site "Chelyabinsk RUS"]
[Date "2008.06.10"]
[Round "7"]
[White "Romanko,M"]
[Black "Zaiatz,E"]
[Result "1/2-1/2"]
[WhiteElo "2325"]
[BlackElo "2366"]

1.d4 Nf6 2.c4 e6 3.Nc3 Bb4 4.Nf3 d5 5.Bg5 h6 6.Bxf6 Qxf6 7.e3 O-O 8.Qb3 c5
9.cxd5 exd5 10.a3 Bxc3+ 11.bxc3 c4 12.Qb2 Nc6 13.Be2 Bg4 14.O-O Rab8 15.a4 b6
16.h3 Bf5 17.Qb5 Qe6 18.Rfe1 Rfd8 19.Nd2 Na5 20.Bf3 Be4 21.Nxe4 dxe4 22.Bg4 Qe8
23.Rab1 g6 24.Rb4 Rd6 25.Be2 Qd8 26.Reb1 Rc8 27.Qa6 Rc7 28.Rb5 Kg7 29.R5b2 Rd5
30.Rb5 Rd6 31.R5b2 Rd5 32.Rb5  1/2-1/2

[Event "XXVI Balatoni Sakkfesztival GM"]
[Site "Balatonlelle HUN"]
[Date "2008.06.15"]
[Round "2"]
[White "Lauber,A"]
[Black "Sax,G"]
[Result "1/2-1/2"]
[WhiteElo "2434"]
[BlackElo "2502"]

1.d4 Nf6 2.c4 e6 3.Nc3 Bb4 4.Nf3 c5 5.g3 cxd4 6.Nxd4 O-O 7.Bg2 d5 8.cxd5 Nxd5
9.Qb3 Qa5 10.Bd2 Nc6 11.Nxc6 bxc6 12.O-O Bxc3 13.bxc3 Ba6 14.Rfd1 Qc5 15.e4 Bc4
16.Qa4 Nb6 17.Qb4 Qxb4 18.cxb4 Rfd8 19.Be3 Kf8 20.f4 Ke8 21.Kf2 Bb5 22.Bf3 Ba4
23.Rxd8+ Rxd8 24.Be2 Bc2 25.e5 Ba4 26.Rc1 Rd7 27.Rc5 Nd5 28.Ra5 Nc3 29.Rxa7 Rxa7
30.Bxa7 Nxa2 31.Bc5 Nc3 32.Bd3  1/2-1/2

[Event "XXVI Balatoni Sakkfesztival GM"]
[Site "Balatonlelle HUN"]
[Date "2008.06.17"]
[Round "5"]
[White "Lauber,A"]
[Black "Sammalvuo,T"]
[Result "1-0"]
[WhiteElo "2434"]
[BlackElo "2458"]

1.d4 Nf6 2.c4 e6 3.Nc3 Bb4 4.Nf3 b6 5.Bg5 h6 6.Bh4 Bb7 7.Nd2 c5 8.d5 Bxc3
9.bxc3 d6 10.e4 g5 11.Bg3 e5 12.h4 Rg8 13.Bd3 Nbd7 14.Nf1 Nf8 15.Ne3 Bc8
16.Nf5 Bxf5 17.exf5 g4 18.Qd2 h5 19.Qh6 Ke7 20.O-O N8d7 21.Kh2 Qf8 22.Qe3 Kd8
23.Bc2 Qg7 24.Qc1 Qh7 25.Qb1 Qh6 26.Rd1 Rc8 27.Qb5 Qh7 28.Re1 Qh6 29.Re2 Ne8
30.Qa6 Rc7 31.a4 Qf6 32.a5 Ng7 33.axb6 Nxb6 34.Bxe5 dxe5 35.d6 Rc6 36.Qb7 Rxd6
37.Qb8+ Nc8 38.Rxa7 Ne8 39.Ra8 Rc6 40.Ba4 Rc7 41.Bxe8 Qxh4+ 42.Kg1 g3 43.Rd2+ Kxe8
44.Qxc7 gxf2+ 45.Rxf2 Rxg2+ 46.Kxg2 Qg4+ 47.Kh2 Qh4+ 48.Kg1 Qg5+ 49.Kf1 Qc1+
50.Kg2 Qg5+ 51.Kf3 Qf4+ 52.Ke2 Qxc4+ 53.Kd2 Qd5+ 54.Kc1 Qxa8 55.Qxe5+ Kf8
56.Qh8+ Ke7 57.Qe5+ Kf8 58.Qh8+ Ke7 59.Re2+ Kd7 60.Qe8+ Kc7 61.Qxf7+ Kc6
62.Qe8+ Kc7 63.Re7+ Kb6 64.Re6+ Kc7 65.Re7+ Kb6 66.Qd8+ Kb5 67.Qd3+ Ka5 68.Re4 Nd6
69.Re1 Qc6 70.Re2 Qh1+ 71.Kc2 Qf1 72.Re5 Qg2+ 73.Qe2 Qg8 74.Re6 Nb5 75.Kb2 Qb8
76.Ka1 Ka4 77.Qc2+ Ka3 78.Qa2+  1-0

[Event "XXVI Balatoni Sakkfesztival GM"]
[Site "Balatonlelle HUN"]
[Date "2008.06.18"]
[Round "6"]
[White "Varga,Zo"]
[Black "Sax,G"]
[Result "1/2-1/2"]
[WhiteElo "2496"]
[BlackElo "2502"]

1.d4 Nf6 2.c4 e6 3.Nc3 Bb4 4.Nf3 c5 5.e3 b6 6.Be2 Bb7 7.O-O O-O 8.Qb3 Nc6
9.a3 Bxc3 10.Qxc3 cxd4 11.Nxd4 Nxd4 12.Qxd4  1/2-1/2

[Event "Serbia Cup"]
[Site "Zlatibor SRB"]
[Date "2008.06.20"]
[Round "5"]
[White "Orlov,K"]
[Black "Ostojic,N1"]
[Result "1/2-1/2"]
[WhiteElo "2248"]
[BlackElo "2432"]

1.d4 Nf6 2.c4 e6 3.Nc3 Bb4 4.Nf3 c5 5.Qc2 Nc6 6.dxc5 Bxc5 7.Bg5 h6 8.Bh4 Qa5
9.e3 Bb4 10.Bd3 g5 11.Bg3 Nh5 12.O-O Nxg3 13.hxg3 Bxc3 14.bxc3 Qc5 15.Rab1 b6
16.Rfc1 Ba6 17.Qa4 Qa5 18.Qb3 Rc8 19.Bf1 Rc7  1/2-1/2

[Event "TCh-ARM"]
[Site "Yerevan ARM"]
[Date "2008.06.21"]
[Round "5"]
[White "Melkumyan,H"]
[Black "Arutinian,D"]
[Result "1/2-1/2"]
[WhiteElo "2534"]
[BlackElo "2593"]

1.d4 Nf6 2.c4 e6 3.Nc3 Bb4 4.Nf3 d5 5.cxd5 exd5 6.Bg5 O-O 7.e3 c5 8.dxc5 Bxc3+
9.bxc3 Be6 10.Rb1 Nbd7 11.Qd4 Qc7 12.Bb5 Rfc8 13.O-O Qxc5 14.Bxd7 Nxd7 15.Rxb7 Qxc3
16.h3 Qc4 17.Rb2 Nc5 18.Rd1 Rab8 19.Rxb8 Rxb8 20.Bf4 Rc8 21.Ng5 h6 22.Nxe6 Nxe6
23.Qxc4 Rxc4 24.Bd6 d4 25.exd4 Nxd4 26.Rb1 a6 27.Rb8+ Kh7 28.Rb7 Kg8 29.Rb8+ Kh7
30.Rb7 Kg8 31.Rb4 Rxb4 32.Bxb4 f5 33.Kf1 Kf7 34.Bc3 Nb5 35.Be5 g6 36.Ke2 Ke6
37.Bg7 h5 38.Ke3 Kd5 39.Kf4 Ke6 40.Bb2 Na7 41.f3 Nc6 42.Bc3 Ne7 43.Kg5 Kf7
44.Bb4 Nc6 45.Bd2 Ne7 46.Kf4 Ke6 47.Ke3 Kd5 48.Kd3 Nc6 49.Kc3 Kc5 50.Be3+  1/2-1/2

[Event "Copa Benito Roggio"]
[Site "Asuncion URU"]
[Date "2008.06.22"]
[Round "6"]
[White "Diaz Hollemaert,N"]
[Black "Kropff,R"]
[Result "1-0"]
[WhiteElo "2429"]
[BlackElo "2282"]

1.d4 Nf6 2.c4 e6 3.Nc3 Bb4 4.Nf3 d5 5.g3 O-O 6.Bg2 dxc4 7.O-O Bd7 8.Ne5 Bc6
9.e4 Bxc3 10.Nxc6 Nxc6 11.bxc3 Nd7 12.e5 Nb6 13.Qg4 Kh8 14.Bg5 Qd7 15.Qh4 Nd5
16.Be4 f5 17.exf6 Nxf6 18.Bc2 h6 19.Rab1 Rab8 20.Bxf6 Rxf6 21.Qe4 Kg8 22.Ba4 Qd8
23.Bxc6 bxc6 24.Rxb8 Qxb8 25.Qxc6 Qd8 26.Qxc4 Qd5 27.Qxd5 exd5 28.Rb1 Ra6
29.Rb5 c6 30.Rc5 Kf7 31.a4 Rxa4 32.Rxc6 a5 33.Rd6 Rc4 34.Rxd5 a4 35.Ra5 Ke6
36.Kf1 Rxc3 37.Rxa4 Kd5 38.Ra7 g6 39.Ra6  1-0

[Event "White Nights Open"]
[Site "St Petersburg RUS"]
[Date "2008.06.26"]
[Round "6"]
[White "Fedoseev,S"]
[Black "Solovyov,V"]
[Result "1-0"]
[WhiteElo "2175"]
[BlackElo "2085"]

1.d4 Nf6 2.c4 e6 3.Nc3 Bb4 4.Nf3 c5 5.g3 cxd4 6.Nxd4 Ne4 7.Qd3 Bxc3+ 8.bxc3 Nc5
9.Qe3 d6 10.Bg2 O-O 11.O-O Nba6 12.Nb5 Nc7 13.Ba3 Nxb5 14.cxb5 Qc7 15.Rfd1 Re8
16.Qd4 e5 17.Qxd6 Qxd6 18.Rxd6 Na4 19.Rc1 Rb8 20.c4 Bg4 21.c5 Bxe2 22.c6 e4
23.c7 Ra8 24.Bxe4 Bxb5 25.Bxb7 Nb6 26.Bxa8 Nxa8 27.c8=Q  1-0